Online katalóg knižníc regiónu Turca

Profesorova dcéra (Record no. 22506)

MARC details
000 -LEADER
fixed length control field 00971nam a2200313 a 4500
001 - CONTROL NUMBER
control field 22506
003 - CONTROL NUMBER IDENTIFIER
control field SK-KTurca
005 - DATE AND TIME OF LATEST TRANSACTION
control field 20260330151150.0
008 - FIXED-LENGTH DATA ELEMENTS--GENERAL INFORMATION
fixed length control field 250414s1977 xo 0 slo
015 ## - NATIONAL BIBLIOGRAPHY NUMBER
National bibliography number SNBA1977
035 ## - SYSTEM CONTROL NUMBER
System control number SNK000048842
040 ## - CATALOGING SOURCE
Original cataloging agency SNK
Language of cataloging slo
Transcribing agency SNK
Description conventions AACR2
041 0# - LANGUAGE CODE
Language code of text/sound track or separate title slo
044 ## - COUNTRY OF PUBLISHING/PRODUCING ENTITY CODE
MARC country code xo
ISO country code SK
080 ## - UNIVERSAL DECIMAL CLASSIFICATION NUMBER
Universal Decimal Classification number 820-3
Edition identifier 1981
100 1# - MAIN ENTRY--PERSONAL NAME
Personal name Read, Piers Paul,
Dates associated with a name 1941-
Relationship aut
245 10 - TITLE STATEMENT
Title Profesorova dcéra
Statement of responsibility, etc. Pier Paul READ ; Pier Paul Read, Dušan Janák, G. Andžaparidze, Milan Veselý
250 ## - EDITION STATEMENT
Edition statement 1. vyd.
260 ## - PUBLICATION, DISTRIBUTION, ETC.
Place of publication, distribution, etc. Bratislava
Name of publisher, distributor, etc. Smena
Date of publication, distribution, etc. 1977
Place of manufacture Bratislava
Manufacturer Polygrafické závody
300 ## - PHYSICAL DESCRIPTION
Extent 335 s., 16,39 AH
Dimensions 20 cm
366 ## - TRADE AVAILABILITY INFORMATION
Note 20000 výtl.
700 1# - ADDED ENTRY--PERSONAL NAME
Personal name Andžaparidze, G.
Relationship [ADC]
700 1# - ADDED ENTRY--PERSONAL NAME
Personal name Veselý, Milan,
Dates associated with a name 1939-2015
Relationship bkd
700 1# - ADDED ENTRY--PERSONAL NAME
Personal name Read, Piers Paul,
Dates associated with a name 1941-
Relationship aut
700 1# - ADDED ENTRY--PERSONAL NAME
Personal name Janák, Dušan,
Dates associated with a name 1940-
Relationship trl
942 ## - ADDED ENTRY ELEMENTS (KOHA)
Source of classification or shelving scheme Dewey Decimal Classification
Koha item type Krásna literatúra pre dospelých
Suppress in OPAC No
Holdings
Stav vyradenia Strata Poškodenie Spôsob nadobudnutia Domovská knižnica Aktuálna knižnica Dátum nadobudnutia Total checkouts Čiarový kód exemplára Date last seen Typ exemplára
      Dar Obecná knižnica Horná Štubňa Obecná knižnica Horná Štubňa 30.03.2026   4736202059 30.03.2026 Krásna literatúra pre dospelých
Projekt je podporený Slovenskou asociáciou knižníc
Prevádzkuje Turčianska knižnica Martin 2026